| 000 | 01166cam a2200373 i 4500 | ||
|---|---|---|---|
| 999 |
_c200441681 _d59893 |
||
| 001 | 200441681 | ||
| 003 | TR-AnTOB | ||
| 005 | 20240824073709.0 | ||
| 007 | ta | ||
| 008 | 760320s1975 fr bs i000 0 eng | ||
| 010 | _a 76355341 | ||
| 015 | _aF*** | ||
| 020 | _a9264114300 | ||
| 035 | _a(TR-AnTOB)200441681 | ||
| 040 |
_aDLC _beng _erda _cDLC _dDLC _dTR-AnTOB |
||
| 041 | 0 | _aeng | |
| 043 | _au-at--- | ||
| 050 | 0 | 0 |
_aHD9738.A82 _bO74 1975 |
| 090 |
_aHD9738.A82 _bO74 1975 |
||
| 110 | 2 |
_aOrganisation for Economic Co-operation and Development _933753 |
|
| 245 | 1 | 4 | _aThe industrial policy of Australia. |
| 264 | 1 |
_aParis : _bOrganisation for Economic Co-operation and Development, _c1975. |
|
| 264 | 2 |
_aWashington, D.C. : _b[sold by] OECD Publications Center, _c1975. |
|
| 300 |
_a175 pages ; _c24 cm |
||
| 336 |
_atext _btxt _2rdacontent |
||
| 337 |
_aunmediated _bn _2rdamedia |
||
| 338 |
_avolume _bnc _2rdacarrier |
||
| 650 | 0 |
_aManufacturing industries _zAustralia _9131191 |
|
| 650 | 0 |
_aIndustries _zAustralia _9131192 |
|
| 651 | 0 |
_aAustralia _xEconomic policy _9131193 |
|
| 942 |
_2lcc _cBK |
||